000 00273nam a22001097a 4500
008 240712b |||||||| |||| 00| 0 eng d
100 _aLakhani, Ramdas
_916982
245 _aVidiwaJi Prarthana
260 _aAhmedabad:
_c1969.
_bLakhami Ramdas;
300 _a74p.
942 _cBK
999 _c40146
_d40146